<?xml version="1.0" encoding="UTF-8"?>
<record
    xmlns:xsi="http://www.w3.org/2001/XMLSchema-instance"
    xsi:schemaLocation="http://www.loc.gov/MARC21/slim http://www.loc.gov/standards/marcxml/schema/MARC21slim.xsd"
    xmlns="http://www.loc.gov/MARC21/slim">

  <leader>00974cam a2200241 a 4500</leader>
  <controlfield tag="003">OSt</controlfield>
  <controlfield tag="005">20210929161312.0</controlfield>
  <controlfield tag="008">100531t    1996ck ao   r     000 0cspa d</controlfield>
  <datafield tag="020" ind1=" " ind2=" ">
    <subfield code="a">9582810440</subfield>
  </datafield>
  <datafield tag="040" ind1=" " ind2=" ">
    <subfield code="a">DLC</subfield>
    <subfield code="c">CO-JMCR</subfield>
    <subfield code="d">CO-BoPUJ</subfield>
  </datafield>
  <datafield tag="041" ind1="0" ind2=" ">
    <subfield code="a">spa</subfield>
  </datafield>
  <datafield tag="082" ind1="0" ind2="4">
    <subfield code="a">986.1063092 / </subfield>
    <subfield code="b">M828p</subfield>
    <subfield code="2">21</subfield>
  </datafield>
  <datafield tag="100" ind1="1" ind2=" ">
    <subfield code="a">Morales, Hollmann, </subfield>
    <subfield code="e">autor</subfield>
    <subfield code="9">40867</subfield>
  </datafield>
  <datafield tag="245" ind1="1" ind2="2">
    <subfield code="a">A puro pulso</subfield>
    <subfield code="c">Hollmann Morales</subfield>
  </datafield>
  <datafield tag="250" ind1=" " ind2=" ">
    <subfield code="a">Primera edici&#xF3;n</subfield>
  </datafield>
  <datafield tag="260" ind1=" " ind2=" ">
    <subfield code="a">Bogot&#xE1; : </subfield>
    <subfield code="b">C&#xED;rculo de Lectores. </subfield>
    <subfield code="c">1996.</subfield>
  </datafield>
  <datafield tag="300" ind1=" " ind2=" ">
    <subfield code="a">261 p&#xE1;ginas : </subfield>
    <subfield code="b">ilustraciones, fotos</subfield>
    <subfield code="c">22 cm.</subfield>
  </datafield>
  <datafield tag="490" ind1="0" ind2=" ">
    <subfield code="a">Cr&#xF3;nicas y reportajes</subfield>
  </datafield>
  <datafield tag="505" ind1="0" ind2=" ">
    <subfield code="t">Mar&#xED;a de Ch&#xE1;vez. --</subfield>
    <subfield code="t">Gumercindo G&#xF3;mez Caro. --</subfield>
    <subfield code="t">Jos&#xE9; Eduardo Hern&#xE1;ndez. --</subfield>
    <subfield code="t">Adalberto Carvajal. --</subfield>
    <subfield code="t">Manuel Antonio Alzate. --</subfield>
    <subfield code="t">Jes&#xFA;s Guerrero Hern&#xE1;ndez. --</subfield>
    <subfield code="t">Ernesto Mej&#xED;a Amaya. --</subfield>
    <subfield code="t">Carlos Julio Vargas. --</subfield>
    <subfield code="t">Hugo y Jos&#xE9; S&#xE1;enz H.</subfield>
  </datafield>
  <datafield tag="650" ind1="1" ind2="4">
    <subfield code="a">Empresarios industriales</subfield>
    <subfield code="z">Colombia</subfield>
    <subfield code="v">Biograf&#xED;as</subfield>
    <subfield code="9">40868</subfield>
  </datafield>
  <datafield tag="650" ind1="2" ind2="4">
    <subfield code="a">&#xC9;xito en los negocios</subfield>
    <subfield code="z">Colombia</subfield>
    <subfield code="9">7229</subfield>
  </datafield>
  <datafield tag="942" ind1=" " ind2=" ">
    <subfield code="2">ddc</subfield>
    <subfield code="c">BK</subfield>
  </datafield>
  <datafield tag="999" ind1=" " ind2=" ">
    <subfield code="c">12539</subfield>
    <subfield code="d">12539</subfield>
  </datafield>
  <datafield tag="952" ind1=" " ind2=" ">
    <subfield code="0">0</subfield>
    <subfield code="1">0</subfield>
    <subfield code="2">ddc</subfield>
    <subfield code="4">0</subfield>
    <subfield code="7">0</subfield>
    <subfield code="a">CPL</subfield>
    <subfield code="b">CPL</subfield>
    <subfield code="c">GEN</subfield>
    <subfield code="d">2018-04-15</subfield>
    <subfield code="e">Donaci&#xF3;n</subfield>
    <subfield code="o">986.1063092 / M828p</subfield>
    <subfield code="p">430004828</subfield>
    <subfield code="r">2024-05-16 00:00:00</subfield>
    <subfield code="t">Ej.1</subfield>
    <subfield code="w">2021-03-10</subfield>
    <subfield code="y">BK</subfield>
  </datafield>
</record>
